000 04338nam a22004095i 4500
999 _c26878
_d26878
006 a|||||o|||| 00| 0
007 cr nn 008mamaa
008 200727s2020 sz | s |||| 0|eng d
020 _a9783030501563
_qOnline Resource 1
072 7 _aJPS
_2bicssc
072 7 _aPOL012000
_2bisacsh
072 7 _aJPS
_2thema
082 0 4 _a327.116
_223
100 1 _aCusumano, Eugenio.
245 1 0 _aPiracy and the Privatisation of Maritime Security
_h[electronic resource] :
_bVessel Protection Policies Compared /
_cby Eugenio Cusumano, Stefano Ruzza.
250 _a1st ed. 2020.
260 _aLondon
_bSpringer
_c2020
300 _aXVII, 286 p. 13 illus., 5 illus. in color.
_bonline resource.
505 0 _aChapter 1. Introduction: protecting merchant vessels from pirates -- Chapter 2. Piracy and counter-piracy in the Twenty-first century -- Chapter 3. From divergence to isomorphism in vessel protection policy: a theoretical framework -- Chapter 4. Privateers versus pirates? The United Kingdom case -- Chapter 5. Vessel protection in the Netherlands: a belated commercialisation? -- Chapter 6. From hybrid to commercial vessel protection: the Italian case -- Chapter 7. Vessel protection in other European countries -- Chapter 8. Open registries and vessel protection: Panama, Liberia and the Marshall Islands -- Chapter 9. Isomorphic convergence in vessel protection -- Chapter 10. Conclusion: vessel protection between private and maritime security studies.
520 _a“An essential reading for anyone interested in the rise of private security at sea and the regulatory challenges arising.” — Christian Bueger, professor of International Relations, Copenhagen University “This careful comparative analysis is a timely reminder that authority over the use of force is now located within commercial networks, inviting us to engage with the consequences.” — Anna Leander, professor of International Relations, Graduate Institute Geneva “Extensive research and incisive analysis give the book authenticity and credibility, adding an invaluable contribution to fighting piracy and maritime security debates.” — Peter Cook, founder of the Security Association for the Maritime Industry (SAMI) In response to pirate attacks in the Western Indian Ocean, countries worldwide have increasingly authorized the deployment of armed guards from private military and security companies (PMSCs) on merchant ships. This widespread trend contradicts states’ commitment to retain a monopoly on violence and discourage the presence of arms on civilian vessels. This book conceptualizes the extensive use of PMSCs as a form of institutional isomorphism, combining the functionalist, ideational, political and organizational arguments used to account for the privatization of security on land into a synthetic explanation of the commercialization of vessel protection. Eugenio Cusumano is Assistant Professor of International Relations at the University of Leiden, the Netherlands. He wrote extensively on non-state actors’ involvement in crisis management on journals like Security Dialogue and the Journal of Strategic Studies and edited volumes published by Palgrave, Oxford and Stanford University Press. Stefano Ruzza is Assistant Professor of Political Science at the University of Turin, Italy. He is also a Head of Program at T.wai - Torino World Affairs Institute, lectures in Italian Army advanced educational programmes, and is responsible for the Italian translation of the SIPRI Yearbook Summary.
650 0 _aSecurity, International.
650 0 _aPolitics and war.
650 0 _aEurope—Politics and government.
650 1 4 _aInternational Security Studies.
650 2 4 _aMilitary and Defence Studies.
650 2 4 _aEuropean Politics.
700 1 _aRuzza, Stefano.
_eauthor.
_4aut
_4http://id.loc.gov/vocabulary/relators/aut
710 2 _aSpringerLink (Online service)
773 0 _tSpringer Nature eBook
776 0 8 _iPrinted edition:
_z9783030501556
776 0 8 _iPrinted edition:
_z9783030501570
776 0 8 _iPrinted edition:
_z9783030501587
856 4 0 _uhttps://doi.org/10.1007/978-3-030-50156-3
942 _2ddc
_cEBK